La Chiesa particolare nel Codice di Diritto Canonico: Commento giuridico-pastorale

Saved in:
Bibliografiske detaljer
Hovedforfatter: Morgante, Marcello (autore)
Format: Bog
Sprog:italiensk
Udgivet: Turín Paoline 1987
Fag:
Tags: Tilføj Tag
Ingen Tags, Vær først til at tagge denne postø!

MARC

LEADER 00000nam a2200000 a 4500
001 UCV3272
003 CL-VaPUC
008 930510e19870000IT |||||||||||||||||ita|d
082 0 4 |a 262.94  |b MOR  |2 21 
100 |a Morgante, Marcello  |e autore  |9 297543 
245 1 3 |a La Chiesa particolare nel Codice di Diritto Canonico: Commento giuridico-pastorale 
300 |a 347 p 
942 |c BK 
945 |d 19930510 00:00:00 
260 |a Turín  |b Paoline  |c 1987 
650 0 |a Derecho eclesiástico  |9 255055 
650 7 |a IGLESIA CATOLICA, CODEX IURIS CANONICI 1983  |2 CL-VaPUC  |9 258932 
583 |a last modification  |c 19930510 00:00:00  |k Rodrigo Vera 
999 |c 210557  |d 210555 
952 |0 0  |1 0  |4 0  |6 262_940000000000000_MOR_1987  |7 0  |8 A  |9 186908  |a BIBDER  |b BIBDER  |d 2019-11-14  |i 2545101  |o 262.94 MOR 1987  |p 2545101  |r 2023-01-25  |w 2019-11-14  |y BK  |k DER